| 000 | 00719 a2200241 4500 | ||
|---|---|---|---|
| 001 | 22091 | ||
| 650 | 0 |
_aTürk dili _xDil bilgisi _96944 |
|
| 999 |
_c22091 _d8754 |
||
| 003 | TR-AnTOB | ||
| 005 | 20211021000816.0 | ||
| 008 | 041102s2000 tu tur | ||
| 020 | _a9751606845 | ||
| 041 | _atur | ||
| 050 |
_aPL123 _b.G76 2000 |
||
| 090 | _aPL123 .G76 2000 | ||
| 100 |
_aGrönbech, K. _915422 |
||
| 245 | 0 |
_aTürkçe'nin yapısı / _cK. Grönbech ; çev. Mehmet Akalın. |
|
| 250 | _a2. bs. | ||
| 264 | 1 |
_aAnkara : _bAtatürk Kültür, Dil ve Tarih Yüksek Kurumu Türk Dil Kurumu, _c2000 |
|
| 300 |
_a148 p. ; _c24 cm. |
||
| 490 | 0 | _aAtatürk Kültür, Dil ve Tarih Yüksek Kurumu Türk Dil Kurumu Yayınları; 609 | |
| 902 | _a0009056 | ||
| 942 | _cBK | ||